Pension plans : additional transparency and other actions needed in connection with proxy voting : report to the Ranking Minority Member, Committee on Health, Education, Labor, and Pensions, U.S. Senate.

Report describes conflicts of interest in the proxy voting system by fiduciaries, actions taken to manage them, and Department of Labor's enforcement of proxy voting requirements.

Bibliographic Details
Corporate Authors: United States. Government Accountability Office, United States. Congress. Senate. Committee on Health, Education, Labor, and Pensions
Format: Government Document eBook
Language:English
Published: [Washington, D.C.] : U.S. Government Accountability Office, [2004]
Subjects:
Online Access:https://purl.fdlp.gov/GPO/LPS53962

MARC

Tag First Indicator Second Indicator Subfields
LEADER 00000cam a2200000 a 4500
001 in00002003307
005 20211202202553.0
006 m d f
007 cr mn-
008 040922s2004 dcu s f000 0 eng c
035 |a (OCoLC)ocm56558068 
037 |b GAO (202)512-6000 (voice); (202)512-6061 (Fax); (202)512-2537 (TDD)  |f paper copy 
040 |a GPO  |c GPO  |d MvI  |d UtOrBLW 
042 |a pcc 
049 |a WWW 
074 |a 0546-D (online) 
086 0 |a GA 1.13:GAO-04-749 
088 |a GAO-04-749 
110 1 |a United States.  |b Government Accountability Office. 
245 1 0 |a Pension plans :  |b additional transparency and other actions needed in connection with proxy voting : report to the Ranking Minority Member, Committee on Health, Education, Labor, and Pensions, U.S. Senate. 
246 1 7 |a Proxy voting 
264 1 |a [Washington, D.C.] :  |b U.S. Government Accountability Office,  |c [2004] 
336 |a text  |b txt  |2 rdacontent 
337 |a computer  |b c  |2 rdamedia 
338 |a online resource  |b cr  |2 rdacarrier 
538 |a Mode of access: Internet from GPO Access web site. Address as of 9/16/04: http://frwebgate.access.gpo.gov/cgi-bin/getdoc.cgi?dbname=gao&docid=f:d04749.pdf; current access available via PURL. 
500 |a Title from title screen (viewed on Sept. 16, 2004). 
500 |a "August 2004." 
500 |a Paper version available from: U.S. Government Accountability Office, 441 G St., NW, Rm. LM, Washington, D.C. 20548. 
520 |a Report describes conflicts of interest in the proxy voting system by fiduciaries, actions taken to manage them, and Department of Labor's enforcement of proxy voting requirements. 
504 |a Includes bibliographical references. 
500 |a "GAO-04-749." 
500 |a Electronic resource. 
650 0 |a Pensions. 
650 0 |a Proxy. 
650 0 |a Stockholders' voting. 
610 1 0 |a United States.  |b Department of Labor  |v Rules and practice  |x Evaluation. 
710 1 |a United States.  |b Congress.  |b Senate.  |b Committee on Health, Education, Labor, and Pensions. 
856 4 0 |u https://purl.fdlp.gov/GPO/LPS53962  |t 0 
999 |a MARS 
999 f f |s 4d989cdb-2873-3285-ad93-87287b38ae6b  |i 8b81edf9-5ee4-3773-9699-eb3124cd3863  |t 0 
952 f f |a Texas A&M University  |b College Station  |c Electronic Resources  |d Available Online  |t 0  |e GA 1.13:GAO-04-749  |h Superintendent of Documents classification 
998 f f |a GA 1.13:GAO-04-749  |t 0  |l Available Online